El derecho de aguas en España (Record no. 67866)

MARC details
000 -LEADER
campo de control de longitud fija 00890nam a2200241 i 4500
001 - NÚMERO DE CONTROL
campo de control 67866
003 - IDENTIFICADOR DE NÚMERO DE CONTROL
campo de control ES-MaACL
005 - FECHA Y HORA DE LA ÚLTIMA TRANSACCIÓN
campo de control 20230906170149.0
007 - CAMPO FIJO DE DESCRIPCIÓN FÍSICA--INFORMACIÓN GENERAL
campo de control de longitud fija t|
008 - DATOS DE LONGITUD FIJA--INFORMACIÓN GENERAL
campo de control de longitud fija 040216s1986 sp ||||1| spa d
020 ## - NÚMERO INTERNACIONAL ESTÁNDAR DEL LIBRO
Número Internacional Estándar del Libro 84-7433-408-X (Obra Completa)
100 1# - ENTRADA PRINCIPAL--NOMBRE DE PERSONA
Nombre de persona Gallego Anabitarte, Alfredo.
9 (RLIN) 53549
245 13 - MENCIÓN DEL TÍTULO
Título El derecho de aguas en España
Resto del título : estudio /
Mención de responsabilidad, etc. a cargo de Alfredo Gallego Anabitarte, Angel Menedez Rexach, Jose Manuel Diaz Lema.
260 ## - PUBLICACIÓN, DISTRIBUCIÓN, ETC.
Lugar de publicación, distribución, etc. Madrid :
Nombre del editor, distribuidor, etc. Ministerio de Obras Públicas y Urbanismo, Secretaría General Técnica,
Fecha de publicación, distribución, etc. [1986]
300 ## - DESCRIPCIÓN FÍSICA
Extensión 2 v. ;
Dimensiones 24 cm.
500 ## - NOTA GENERAL
Nota general El segundo volumen es un apendice documental.
500 ## - NOTA GENERAL
Nota general Ejemplar en estuche.
500 ## - NOTA GENERAL
Nota general Indices.
700 1# - ENTRADA AGREGADA--NOMBRE PERSONAL
Nombre de persona Menendez Rexach, Angel.
9 (RLIN) 80323
700 1# - ENTRADA AGREGADA--NOMBRE PERSONAL
Nombre de persona Díaz Lema, Jose Manuel.
9 (RLIN) 44319
852 ## - LOCALIZACIÓN
Ubicación ES-MaACL
Número de control de estantería L-9801-2
Sublocalización o colección R.112092
852 ## - LOCALIZACIÓN
Ubicación ES-MaACL
Número de control de estantería L-11789-90
Sublocalización o colección R.113850
Holdings
Estatus retirado Estado de pérdida Estado de daño No para préstamo Biblioteca de origen Biblioteca actual Ubicación en estantería Fecha de adquisición Fuente de adquisición Total de préstamos Signatura topográfica completa Código de barras Visto por última vez Precio de reemplazo Tipo de ítem Koha
        Biblioteca del Ateneo de Madrid Biblioteca del Ateneo de Madrid Depósito 2 17/01/2008     L-11789-90 1071051 23/02/2023 23/02/2023 Libro impreso
        Biblioteca del Ateneo de Madrid Biblioteca del Ateneo de Madrid Depósito 2 17/01/2008     L-9801-2 1071050 23/02/2023 23/02/2023 Libro impreso